Statistiques concernant Les stations de Réseau Express Régional (RER)

Cliquez ici pour prendre le quiz!

Statistiques générales

  • Ce quiz a été pris 59 fois
    (15 depuis la dernière actualisation)
  • Le résultat moyen est 91 sur 258

Statistiques - réponses

LignesStations% Correct
RER AChâtelet-Les Halles
73%
RER B | RER DChâtelet - Les Halles
73%
RER AGare de Lyon
73%
RER DParis Gare de Lyon
73%
RER AAuber
64%
RER ACergy-Le-Haut
64%
RER ACergy-Préfecture
64%
RER ACergy-Saint-Christophe
64%
RER ACharles de Gaulle - Étoile
64%
RER AFontenay-sous-Bois
64%
RER BGare du Nord
64%
RER ALa Défense (Grande Arche)
64%
RER ALe Vésinet - Le Pecq
64%
RER B | RER CMassy - Palaiseau
64%
RER DMelun
64%
RER ANanterre - Préfecture
64%
RER ANanterre-Université
64%
RER ANanterre-Ville
64%
RER ANation
64%
RER DParis Gare du Nord
64%
RER APoissy
64%
RER ASaint-Germain-en-Laye
64%
RER A | RER EVal de Fontenay
64%
RER AVincennes
64%
RER AAchères Grand Cormier
55%
RER AAchères-Ville
55%
RER BAéroport Ch. de Gaulle 1
55%
RER ABry-sur-Marne
55%
RER AChatou - Croissy
55%
RER DCreil
55%
RER EHaussmann - Saint-Lazare
55%
RER AHouilles - Carrières-sur-Seine
55%
RER C | RER DJuvisy
55%
RER EMagenta
55%
RER AMarne-la-Vallée - Chessy
(Parcs Disneyland)
55%
RER BMitry-Claye
55%
RER ANeuilly-Plaisance
55%
RER ANogent-sur-Marne
55%
RER EPantin
55%
RER CPontoise
55%
RER BRobinson
55%
RER ERosa Parks
55%
RER ARueil-Malmaison
55%
RER ASaint-Maur-Créteil
55%
RER BSaint-Michel - Notre-Dame
55%
RER CSaint-Michel - Notre Dame
55%
RER CSaint-Ouen
55%
RER ASartrouville
55%
RER BSceaux
55%
RER BSevran - Beaudottes
55%
RER BSevran - Livry
55%
RER ASucy-Bonneuil
55%
RER ATorcy
55%
RER BVillepinte
55%
RER BAntony
(Orly)
45%
RER BAulnay-sous-Bois
45%
RER CAvenue Foch
45%
RER CAvenue Henri-Martin
45%
RER BBagneux
(Pont Royal)
45%
RER CBibliothèque François-Mitterrand
45%
RER ABoissy-Saint-Léger
45%
RER EBondy
45%
RER CBrétigny
45%
RER EChelles - Gournay
45%
RER BCité Universitaire
45%
RER AConflans-Fin-d'Oise
45%
RER BDenfert-Rochereau
(Colonel Rol-Tanguy)
45%
RER CDourdan
45%
RER BFontenay-aux-Roses
45%
RER BGentilly
45%
RER CInvalides
45%
RER CIssy
45%
RER CIvry-sur-Seine
45%
RER CJavel
45%
RER AJoinville-le-Pont
45%
RER BLa Courneuve - Aubervilliers
45%
RER ALa Varenne Chennevières
45%
RER CLes Ardoines
45%
RER ALe Vésinet-Centre
45%
RER BLuxembourg (Sénat)
45%
RER ANeuville-Université
45%
RER ANoisiel
(Le Luzard)
45%
RER ANoisy - Champs
(Champy - Nesles)
45%
RER BParc de Sceaux
45%
RER CPont de l'Alma
(Musée du Quai Branly - Jacques Chirac)
45%
RER DSaint-Denis
(L'Île - Saint-Denis)
45%
RER A(Saint-Maur)
Champigny
45%
RER CSaint-Ouen-l'Aumône
45%
RER BSaint-Rémy-lès-Chevreuse
45%
RER A(Serris - Montévrain)
Val d'Europe
45%
RER CVersailles Chantiers
45%
RER CVitry-sur-Seine
45%
RER BAéroport Ch. de Gaulle 2 TGV
36%
RER CBoulainvilliers
36%
RER ABussy-Saint-Georges
36%
RER CChamp de Mars - Tour Eiffel
36%
RER CChoisy-le-Roi
36%
RER DCréteil Pompadour
(Parc Interdépartemental
des Sports)
36%
RER BDrancy
36%
RER CÉpinay-sur-Seine
36%
RER DGarges - Sarcelles
36%
RER CGennevilliers
36%
RER DGoussainville
36%
RER CIgny
36%
RER CIssy - Val de Seine
36%
RER BLa Croix de Berny
36%
RER BLaplace
(Maisons des Examens)
36%
RER BLa Plaine - Stade de France
36%
RER ALe Parc de Saint-Maur
36%
RER BLes Baconnets
36%
RER CLes Grésillons
36%
RER ALognes
(Le Mandinet)
36%
RER AMaisons-Laffitte
36%
RER DMalesherbes
36%
RER B | RER CMassy - Verrières
36%
RER CMusée d'Orsay
36%
RER CNeuilly - Porte Maillot
(Palais des Congrès)
36%
RER ENogent - Le Perreux
36%
RER ANoisy-le-Grand - Mont d'Est
36%
RER ENoisy-le-Sec
36%
RER BOrsay - Ville
36%
RER EOzoir-la-Ferrière
36%
RER BPalaiseau
36%
RER CParis Austerlitz
36%
RER CPierrelaye
36%
RER CPorte de Clichy
(Tribunal de Paris)
36%
RER BPort Royal
36%
RER ERosny-Bois-Perrier
36%
RER ERosny-sous-Bois
36%
RER CSaint-Gratien
36%
RER CSaint-Quentin-en-Yvelines
(Montigny-le-Bretonneux)
36%
RER DSavigny-le-Temple - Nandy
36%
RER CSavigny-sur-Orge
36%
RER ETournan
36%
RER CVersailles-Château-Rive-Gauche
36%
RER EVilliers-sur-Marne - Le Plessis-Trévise
36%
RER CViroflay-Rive-Gauche
36%
RER BArcueil - Cachan
27%
RER CAthis-Mons
27%
RER CAvenue du Président Kennedy
(Maison de Radio-France)
27%
RER BBourg-la-Reine
27%
RER DBoussy-Saint-Antoine
27%
RER DBrunoy
27%
RER BBures-sur-Yvette
27%
RER CChaville - Vélizy
27%
RER DCorbeil-Essonnes
27%
RER BCourcelles-sur-Yvette
27%
RER CDourdan-la-Forêt
27%
RER EÉmerainville - Pontault-Combault
27%
RER CErmont-Eaubonne
27%
RER CÉtampes
27%
RER BFontaine-Michalon
27%
RER CFranconville - Le Plessis-Bouchard
27%
RER EGagny
27%
RER BGif-sur-Yvette
27%
RER EGretz-Armainvilliers
27%
RER BLe Blanc-Mesnil
27%
RER ELe Chénay-Gagny
27%
RER BLe Guichet
27%
RER DLe Mée-sur-Seine
27%
RER ELe Raincy - Villemomble - Montfermeil
27%
RER ELes Boullereaux-Champigny
27%
RER DLe Vert de Maisons
27%
RER DLieusaint - Moissy
27%
RER BLozère
(École Polytechnique)
27%
RER DMaisons-Alfort - Alfortville
27%
RER DMontgeron - Crosne
27%
RER CMontigny - Beauchamp
27%
RER DOrry-la-Ville - Coye-la-Forêt
27%
RER BPalaiseau - Villebon
27%
RER BParc des Expositions
27%
RER CPereire - Levallois
(Maréchal Juin)
27%
RER DPierrefitte - Stains
27%
RER CPont de Rungis
(Aéroport d'Orly)
27%
RER CPont du Garigliano
(Hôpital Européen Georges-Pompidou)
27%
RER CPorchefontaine
27%
RER DRis-Orangis
27%
RER CSaint-Cyr
27%
RER CSainte-Geneviève-des-Bois
27%
RER CSaint-Michel-sur-Orge
27%
RER DStade de France - Saint-Denis
27%
RER BVilleparisis - Mitry-le-Neuf
27%
RER DYerres
27%
RER CAblon
18%
RER DBoigneville
18%
RER CCernay
18%
RER DCesson
18%
RER DChantilly - Gouvieux
18%
RER CChilly-Mazarin
18%
RER DCombs-la-Ville - Quincy
18%
RER CÉpinay-sur-Orge
18%
RER DEssonnes - Robinson
18%
RER DÉvry
(Val de Seine)
18%
RER DGrigny - Centre
18%
RER DLa Borne Blanche
18%
RER BLa Hacquinière
18%
RER BLe Bourget
18%
RER DLe Bras de Fer
(Évry - Génopole)
18%
RER DLe Coudray-Montceaux
18%
RER ELes Yvris - Noisy-le-Grand
18%
RER CLongjumeau
18%
RER DLouvres
18%
RER DMaisse
18%
RER DMennecy
18%
RER CMeudon - Val Fleury
18%
RER DOrangis - Bois de l'Épine
18%
RER COrly-Ville
18%
RER ERoissy-en-Brie
18%
RER CRungis - La Fraternelle
18%
RER CSaint-Martin-d'Étampes
18%
RER CSaint-Ouen-l'Aumône-Liesse
18%
RER BVert-Galant
18%
RER CVilleneuve-le-Roi
18%
RER DVilleneuve-Saint-Georges
18%
RER DVilleneuve-Triage
18%
RER CVilliers-le-Bel - Gonesse - Arnouville
18%
RER DViry Châtillon
18%
RER CArpajon
9%
RER DBallancourt
9%
RER CBièvres
9%
RER DBoississe-le-Roi
9%
RER CBouray
9%
RER DBoutigny
9%
RER CBreuillet
(Bruyères-le-Châtel)
9%
RER CBreuillet - Village
9%
RER DBuno - Gironville
9%
RER CChamarande
9%
RER CChemin d'Antony
9%
RER CÉgly
9%
RER CEtréchy
9%
RER DÉvry - Courcouronnes
(Centre)
9%
RER DGrand Bourg
9%
RER CGravigny-Balizy
9%
RER CJouy-en-Josas
9%
RER DLa Ferté-Alais
9%
RER CLa Norville
(St-Germain-lès-Arpajon)
9%
RER CLardy
9%
RER DLe Plessis-Chenet
9%
RER DLes Noues
9%
RER CLes Saules
9%
RER CMarolles-en-Hurepoix
9%
RER DMoulin-Galant
9%
RER CPetit Jouy - Les Loges
9%
RER CPetit Vaux
9%
RER DPonthierry - Pringy
9%
RER CSaint-Chéron
9%
RER DSaint-Fargeau
9%
RER CSermaise
9%
RER DSurvilliers - Fosses
9%
RER CVauboyen
9%
RER DVigneux-sur-Seine
9%
RER DVillabé
9%
RER DVosves
9%

Distribution des résultats

Percentile par nombre de réponses

% des personnes avec chaque résultat

Votre développement - résultats

Vous n’avez pas pris ce quiz depuis la dernière actualisation